Archivmaterialien zu Mathilde Berghofer-Weichner, 1931-2008

Saved in:  
Bibliographic Details
Main Author: Berghofer-Weichner, Mathilde 1931-2008 (Author)
Format: Electronic Archival Collections
Language:German
In:Year: 2019
Online Access: Archivdatenbank (Archivportal-D)
Archivdatenbank (Kalliope Verbundkatalog)
Check availability: HBZ Gateway

MARC

LEADER 00000npc a22000002 4500
001 LR120888734
003 PipeLineGenerated
005 20260508112529.0
008 190606s2019 xx ||||| 00| ||ger c
100 |a Berghofer-Weichner, Mathilde  |0 (DE-588)120888734  |0 (DE-627)080949398  |d 1931-2008 
245 |a Archivmaterialien zu Mathilde Berghofer-Weichner, 1931-2008 
856 |u https://kalliope-verbund.info/gnd/120888734  |3 Archivdatenbank (Kalliope Verbundkatalog) 
856 |u https://www.archivportal-d.de/person/gnd/120888734  |3 Archivdatenbank (Archivportal-D) 
ELC |a 1